7 nejčastějších otázek o stresu

Stres vyvoláva v ľudskom tele búrlivú reakciu. Časté hormonálne výkyvy môžu organizmus rozvrátiť a naštartovať vážne zdravotné problémy. Aké zdravotné problémy môže stres vyvolať.

Gespeichert in:
Bibliographische Detailangaben
Format: Buchkapitel
Sprache:Tschechisch
Schlagworte:
Tags: Tag hinzufügen
Keine Tags, Fügen Sie das erste Tag hinzu!

MARC

LEADER 00000naa a2200000 4500
001 0184605
005 20231113134806.6
041 0 |a cze 
044 |a CZ 
245 1 0 |a 7 nejčastějších otázek o stresu 
520 |a Stres vyvoláva v ľudskom tele búrlivú reakciu. Časté hormonálne výkyvy môžu organizmus rozvrátiť a naštartovať vážne zdravotné problémy. Aké zdravotné problémy môže stres vyvolať. 
610 2 0 |a stresy 
610 2 0 |a zdravie